Gypsy 83 = Gypsy 83 /

Kaydedildi:
Detaylı Bibliyografya
Yazar: Stephens, Todd (realización)
Diğer Yazarlar: Stephens, Todd (guión) (guión), Kaltenecker, Tim (guión) (guión), Degirolamo, Gina (fotógrafo) (fotógrafo), Davey, Annette (montaje) (montaje), Beller, Marty (música) (música), Rue, Sara (actuación) (actuación), Turton, Kett (actuación) (actuación), Black, Karen (actuación) (actuación), Skloss, Karen (realización) (realización), Skloss, Karen (guión) (guión), Walshe, Siobnah (fotógrafo) (fotógrafo), Skloss, Karen (montaje) (montaje), Sutherland, Thomas (música) (música), Gutierrez-Galvan, Andres (música) (música), The Crackpipes (música) (música), Dodge, Lauren (actuación) (actuación), Young, Preston (actuación) (actuación), Mier, Tiffany (actuación) (actuación)
Materyal Türü: Saydam/Asetat
Dil:İngilizce
Baskı/Yayın Bilgisi: EUA : Luna Pictures, 2001-2002
Konular:
Etiketler: Etiketle
Etiket eklenmemiş, İlk siz ekleyin!

MARC

LEADER 00000ngm^a2200000^a^4500
001 000183589
005 20251020000000.0
009 20260310102044.915
037 |a Acervo ITESO - Biblioteca 
041 |a ING 
082 |a 810.  |b STE 
100 |a Stephens, Todd  |e (realización) 
245 1 0 |a Gypsy 83 =  |b Gypsy 83 /  |c Realización de T. Stephens. 
264 1 |a EUA :  |b Luna Pictures,  |c 2001-2002 
264 2 |a Nueva York, EUA :  |b Hart Sharp Video [distribución],  |c 2004, c2004 
300 |a 1 DVD región 1  |c (94, 11 min.) +  |e 1 lámina 
336 |a imagen móvil bidimensional  |b tdi  |2 rdacontenido 
337 |a video  |b v  |2 rdamedio 
338 |a videodisco  |b vd  |2 rdasoporte 
546 |a En inglés, con subtítulos opcionales: español 
649 |a XX 
650 |a Road Movies 
650 |a Dramas Cinematográficos 
650 |a Cortometrajes y Mediometrajes Norteamericanos 
650 |a Cine Norteamericano -  |y 2000-2009 
650 |a Cine Norteamericano -  |y Siglo XXI 
650 |a Cine Gay y Lésbico -  |z EUA 
650 |a Cine de Mujeres -  |z EUA 
650 |a Cine Independiente -  |z EUA 
650 |a Cantantes Norteamericanos 
650 |a Mujeres Norteamericanas 
650 |a Adolescentes 
650 |a Fans 
650 |a Marginados Sociales 
650 |a Desarrollo Emocional 
650 |a Adaptación Social 
650 |a Diferencia y Otredad 
650 |a Amistad 
650 |a Comunicación Personal 
650 |a Música Popular Moderna -  |z EUA 
650 |a Música Norteamericana -  |y Siglo XX 
650 |a Música en el Cine 
650 |a Cultura Popular -  |z EUA 
650 |a Nicks, Stevie 
740 0 |a Smitten /  |c Realización de K. Skloss. 
700 |a Stephens, Todd  |e (guión) 
700 |a Kaltenecker, Tim  |e (guión) 
700 |a Degirolamo, Gina  |e (fotógrafo) 
700 |a Davey, Annette  |e (montaje) 
700 |a Beller, Marty  |e (música) 
700 |a Rue, Sara  |e (actuación) 
700 |a Turton, Kett  |e (actuación) 
700 |a Black, Karen  |e (actuación) 
700 |a Skloss, Karen  |e (realización) 
700 |a Skloss, Karen  |e (guión) 
700 |a Walshe, Siobnah  |e (fotógrafo) 
700 |a Skloss, Karen  |e (montaje) 
700 |a Sutherland, Thomas  |e (música) 
700 |a Gutierrez-Galvan, Andres  |e (música) 
700 |a The Crackpipes  |e (música) 
700 |a Dodge, Lauren  |e (actuación) 
700 |a Young, Preston  |e (actuación) 
700 |a Mier, Tiffany  |e (actuación) 
910 |a Fondo General 
920 |a Audiovisuales - DVDs 
940 |a Películas 
905 |a 302 
901 |a 0500088667  |b IT2  |c DVS  |u 20250521 
901 |a 0500240382  |b IT2  |c MIN  |u 20251020 
902 |a https://opac.biblio.iteso.mx/vufind/Record/000183589